000 00796nam a2200253Ia 4500
003 OSt
005 20220925214833.0
006 a|||||r|||| 00| 0
007 ta
008 220923b |||||||| |||| 00| 0 eng d
020 _a0 86861 111 5
_cPd 11.95
037 _b339dt, 14/11/1985, SBD
_cGeneral Book
040 _aRTL
_cRTL
_beng
041 _2eng
_aeng
082 _aV42y7M86, M5
100 _aOates Leslie Russell
_9281217
245 0 _aPopulalist nationalism in Prewar Japan
_b A biograph
260 _aLondon
_bGeorge Allen and Unwin
_c1985
300 _axii, 135p
_ccm.
500 _aBibliography: P 126-29
650 _aJapan History
_942685
942 _hV42y7M86, M5
_cGB
_2CC
999 _c566870
_d566870